| 000 | 00434nam a2200181Ia 4500 | ||
|---|---|---|---|
| 001 | 20625 | ||
| 005 | 20260306172819.0 | ||
| 008 | 260306t1992||||xx |||||||||||||| ||spa|| | ||
| 041 | _aESP | ||
| 082 |
_a343.6 _bB12 T. 1 |
||
| 100 |
_aBacacorzo, Gustavo, _eAUT |
||
| 245 | 0 | _aDerecho Administrativo del Perú | |
| 260 | _c1992 | ||
| 300 |
_a559 páginas : _c24 cm. |
||
| 650 | _aGEN | ||
| 654 | _aCDE | ||
| 942 |
_cLIB _dJUS _fJUS _2ddc _n |
||
| 999 |
_c20625 _d20625 |
||